|
|
|
|
| LEADER |
00000nta a2200000 i 4500 |
| 001 |
dolg4857 |
| 005 |
20160520103812.0 |
| 008 |
160104suuuu hu om 000 eng d |
| 040 |
|
|
|a BGE Dolgozattár Repozitórium
|b hun
|
| 041 |
|
|
|a en
|
| 100 |
1 |
|
|a Dallos Bence
|
| 245 |
1 |
0 |
|a How to change existing invoice processing system of General Electric businesses to decrease unallocated transportation cost?
|c Dallos Bence
|h [elektronikus dokumentum]
|
| 695 |
|
|
|a Transportation
|
| 695 |
|
|
|a Költséggazdálkodás
|
| 700 |
1 |
|
|a Vallyon Dr. Andrea
|e ths
|
| 856 |
4 |
0 |
|u http://dolgozattar.uni-bge.hu/4857/1/Bence%20Dallos%20-%20Final%20thesis.pdf
|z Dokumentum-elérés
|